Normal view
MARC view
- Dittman, Kevin C.
Entry Personal Name
001 - CONTROL NUMBER
- control field: 3672
003 - CONTROL NUMBER IDENTIFIER
- control field: NUST
005 - DATE AND TIME OF LATEST TRANSACTION
- control field: 20170731113956.0
008 - FIXED-LENGTH DATA ELEMENTS
- fixed length control field: 170731|| aca||aabn | a|a d
040 ## - CATALOGING SOURCE
- Original cataloging agency: NUST
- Transcribing agency: NUST
100 ## - HEADING--PERSONAL NAME
- Personal name: Dittman, Kevin C.
670 ## - SOURCE DATA FOUND
- Source citation: Work cat.: (NUST)0: Whitten, Jeffrey L. 3670, Systems analysis and design methods /, c2004.
